<?xml version="1.0" encoding="UTF-8"?>
<marc:record xmlns:marc="http://www.loc.gov/MARC21/slim">
   <marc:leader>00000nam a2200000 a 4500</marc:leader>
   <marc:datafield ind1="1" ind2=" " tag="100">
      <marc:subfield code="a">Seiderer-Nack, Julia</marc:subfield>
      <marc:subfield code="4">aut</marc:subfield>
      <marc:subfield code="e">Verfasser/-in</marc:subfield>
   </marc:datafield>
   <marc:datafield ind1=" " ind2=" " tag="653">
      <marc:subfield code="a">Refluxösophagitis</marc:subfield>
   </marc:datafield>
   <marc:datafield ind1=" " ind2=" " tag="653">
      <marc:subfield code="a">Sodbrennen</marc:subfield>
   </marc:datafield>
   <marc:datafield ind1=" " ind2=" " tag="653">
      <marc:subfield code="a">Protonenpumpenhemmer</marc:subfield>
   </marc:datafield>
   <marc:datafield ind1=" " ind2=" " tag="653">
      <marc:subfield code="a">Säureblocker</marc:subfield>
   </marc:datafield>
   <marc:datafield ind1=" " ind2=" " tag="653">
      <marc:subfield code="a">Alzheimer Demenz</marc:subfield>
   </marc:datafield>
   <marc:datafield ind1=" " ind2=" " tag="653">
      <marc:subfield code="a">Speiseröhre</marc:subfield>
   </marc:datafield>
   <marc:datafield ind1=" " ind2=" " tag="653">
      <marc:subfield code="a">Magensäure</marc:subfield>
   </marc:datafield>
   <marc:datafield ind1=" " ind2=" " tag="653">
      <marc:subfield code="a">Aufstoßen</marc:subfield>
   </marc:datafield>
   <marc:datafield ind1=" " ind2=" " tag="653">
      <marc:subfield code="a">Fettreiche Ernährung</marc:subfield>
   </marc:datafield>
   <marc:datafield ind1=" " ind2=" " tag="653">
      <marc:subfield code="a">säurehaltige Ernährung</marc:subfield>
   </marc:datafield>
   <marc:datafield ind1=" " ind2=" " tag="653">
      <marc:subfield code="a">ösophagealer Sphinkter</marc:subfield>
   </marc:datafield>
   <marc:datafield ind1=" " ind2=" " tag="653">
      <marc:subfield code="a">Softcover / Ratgeber/Gesundheit/Ernährung</marc:subfield>
   </marc:datafield>
   <marc:datafield ind1=" " ind2=" " tag="653">
      <marc:subfield code="a">Ratgeber</marc:subfield>
   </marc:datafield>
   <marc:datafield ind1="0" ind2="0" tag="245">
      <marc:subfield code="a">SOS Sodbrennen</marc:subfield>
   </marc:datafield>
   <marc:datafield ind1="0" ind2="0" tag="245">
      <marc:subfield code="b">Refluxbeschwerden natürlich in den Griff bekommen</marc:subfield>
   </marc:datafield>
   <marc:datafield ind1="0" ind2="0" tag="245">
      <marc:subfield code="c">Prof. Dr. med. Julia Seiderer-Nack</marc:subfield>
   </marc:datafield>
   <marc:datafield ind1=" " ind2="1" tag="264">
      <marc:subfield code="a">München</marc:subfield>
      <marc:subfield code="b">Südwest</marc:subfield>
      <marc:subfield code="c">2020</marc:subfield>
   </marc:datafield>
   <marc:datafield ind1=" " ind2=" " tag="250">
      <marc:subfield code="a">1. Auflage</marc:subfield>
   </marc:datafield>
   <marc:datafield ind1="1" ind2=" " tag="520">
      <marc:subfield code="a">Angaben aus der Verlagsmeldung

SOS Sodbrennen : Refluxbeschwerden natürlich in den Griff bekommen - Das 4-Wochen-Programm mit vielen Rezepten / von Julia Seiderer-Nack

So stoppen Sie das Feuer im Hals

Rund ein Drittel der erwachsenen Deutschen kennen es: Besonders nach fettigem oder zu reichhaltigem Essen macht sich ein brennender Schmerz hinter dem Brustbein bemerkbar, oft in Kombination mit saurem Aufstoßen und schlechtem Geschmack im Mund.

Das sind typische Symptome von Sodbrennen. Der Magen produziert zu viel Säure, die dann besonders nachts in Richtung Rachen zurückläuft. Aus schulmedizinischer Sicht sind hier säurebindende Mittel und sogenannte Protonenpumpenhemmer das Mittel der Wahl. Neue Studien haben allerdings ergeben, dass besonders Protonenpumpenhemmer zahlreiche Nebenwirkungen auf den Körper haben, eine Dauereinnahme begünstigt das Riskio für Knochenbrüche, Demenz und Nierenversagen, es besteht sogar der Verdacht auf ein stark erhöhtes Magenkrebsrisiko.

Prof. Dr. med. Julia Seiderer-Nack zeigt in ihrem neuen Buch, wie Sie durch kleine Änderungen im Lebensstil und einer gesunden, ausgewogenen Ernährung Sodbrennen in den Griff bekommen und auf Medikamente verzichten können. Ein 2-Wochen-Programm mit tollen und abwechslungsreichen Rezepten bietet Ihnen den Einstieg in ein Leben ohne Reflux.

Ausstattung: ca. 100 farbige Abbildungen

</marc:subfield>
   </marc:datafield>
   <marc:datafield ind1=" " ind2=" " tag="020">
      <marc:subfield code="a">9783517099699</marc:subfield>
      <marc:subfield code="9">9783517099699</marc:subfield>
   </marc:datafield>
   <marc:datafield ind1=" " ind2=" " tag="020">
      <marc:subfield code="a">3517099694</marc:subfield>
      <marc:subfield code="9">3517099694</marc:subfield>
   </marc:datafield>
   <marc:datafield ind1=" " ind2=" " tag="041">
      <marc:subfield code="a">ger</marc:subfield>
   </marc:datafield>
   <marc:datafield ind1=" " ind2=" " tag="300">
      <marc:subfield code="a">158 Seiten</marc:subfield>
   </marc:datafield>
</marc:record>
